|
|
|
|
| LEADER |
01334nam a2200301 a 4500 |
| 001 |
16495 |
| 003 |
BD-DhAAL |
| 008 |
090628s2000 nyua b 000 0 eng d |
| 010 |
|
|
|a 00101068
|
| 020 |
|
|
|a 0500282277
|
| 040 |
|
|
|a DLC
|c DLC
|d DLC
|d BD-DhAAL
|
| 082 |
0 |
0 |
|a 724.7
|2 21
|
| 100 |
1 |
|
|a Slessor, Catherine.
|9 31745
|
| 245 |
1 |
0 |
|a Concrete regionalism /
|c Catherine Slessor.
|
| 260 |
|
|
|a New York ;
|a London :
|b Thames & Hudson,
|c 2000.
|
| 300 |
|
|
|a 128 pages :
|b illustrations (some colors) ;
|c 25 cm
|
| 490 |
1 |
|
|a 4 x 4
|
| 500 |
|
|
|a "Antoine Predock, Tadao Ando, Wiel Arets, Ricardo Legorreta"--Cover.
|
| 500 |
|
|
|a with 258 illustrations and 104 in colour.
|
| 504 |
|
|
|a Includes bibliographical references.
|
| 526 |
|
|
|a ARC
|x Huraera Jabeen
Faculty member of Department of Architecture
|
| 541 |
1 |
|
|e 00016495
|a Zeenat Book Supply Limited
|
| 650 |
|
0 |
|a Regionalism in architecture.
|9 31746
|
| 650 |
|
0 |
|a Architecture, Modern
|y 20th century.
|9 31747
|
| 852 |
4 |
|
|a Ayesha Abed Library
|c General Stacks
|
| 942 |
|
|
|2 ddc
|c BK
|
| 999 |
|
|
|c 1768
|d 1768
|
| 952 |
|
|
|0 0
|1 4
|2 ddc
|4 0
|6 724_700000000000000_SLE
|7 0
|9 1619
|a BRACUL
|b BRACUL
|c GEN
|d 2009-06-29
|e Zeenat Book Supply Limited
|g 2093.00
|l 0
|o 724.7 SLE
|p 3010016495
|r 2009-06-29
|t 1
|w 2009-06-29
|y BK
|x Koha Inventory 2020 ; Requisitioned by Huraera Jabeen, Faculty member of Department of Architecture (ARC).
|